Management control and decision systems: Text, cases and readings (Record no. 37033)

MARC details
000 -LEADER
fixed length control field 00329nam a2200121Ia 4500
082 ## - DEWEY DECIMAL CLASSIFICATION NUMBER
Classification number 658
Item number PAT
100 ## - MAIN ENTRY--AUTHOR NAME
Personal name Rowe, Alan L
245 #0 - TITLE STATEMENT
Title Management control and decision systems: Text, cases and readings
260 ## - PUBLICATION, DISTRIBUTION, ETC. (IMPRINT)
Place of publication New York
Name of publisher John Wiley
Year of publication 1977
700 ## - ADDED ENTRY--PERSONAL NAME
Personal name Alan J
942 ## - ADDED ENTRY ELEMENTS (KOHA)
Koha item type Books
Holdings
Withdrawn status Lost status Damaged status Not for loan Home library Current library Date acquired Cost, normal purchase price Full call number Accession Number Koha item type
        RRII Library RRII Library 16/12/2021 29.95 658 PAT 17425 Books